000 01006nam a2200217Ia 4500
003 OSt
005 20241028143710.0
007 ca aa aaaaa
008 201103s9999 xx 000 0 und d
040 _cSSBUL
041 _abur
082 _223
_a၂၉၄.၃၄၄၃ ချမ်း
_b၁၃၁၆၅ S-SAT
100 0 _aချမ်းမြေ့ရိပ်သာဆရာတော်။
245 1 0 _aလှူကထိန်သင်္ကန်းနှင့်မဂ်လမ်းကိုရွယ်တရားတော် /
_cချမ်းမြေ့ရိပ်သာဆရာတော်။
250 _aစတုတ္ထအကြိမ်။
260 _aရန်ကုန် ၊
_bမေတ္တာမိုးပုံနှိပ်တိုက်၊
_c၁၉၉၀။
300 _a၈၀ စာမျက်နှာ ၊
_c၁၈ စင်တီ။
500 _aS-SAT: Dr. Sai Aung Tun
650 _aဗုဒ္ဓတရားတော်
_914864
942 _2ddc
_cBK1
999 _c40988
_d40988